000 00741nam a2200229 a 4500
008 951211s1981||||[C 0 slo c
020 _c27 Kčs.
_q(35000 výtl.)
040 _aSNK
_bslo
_cSNK
_eAACR2
041 1 _aslo
_hslo
044 _a[CS]
080 _a885.4-3
100 1 _aZelinová, Hana
_d1914-
_4aut
245 1 0 _aAlžbetin dvor
_cHana Zelinová ; Ján Krížik, Ladislav Borodáč
250 _a3., vyd.
260 _aBratislava
_bSlovenský spisovateľ
_c1981
_eNitra
_fNitrianske tlačiarne
300 _a384 s., 32,93 AH
_c20 cm
490 0 _aRetro
_vZv. 12.
500 _a1. časť trilógie: Alžbetin dvor, Volanie vetra, Kvet hrôzy.
700 1 _aKrížik, Ján
_4bkd
700 1 _aBorodáč, Ladislav
_4bkd
958 _aA
999 _c7850
_d7850